30 NĂM SÓNG GIÓ Thành tựu phi thường và số phận bi kịch của tầng lớp doanh nhân Trung Quốc trong cảo cách kinh tế 1978-2008 phần 3

Na minha lista:
Detalhes bibliográficos
Autor principal: Ngô Hiểu Ba
Formato: Livro
Idioma:Vietnamese
Publicado em: LAO ĐỘNG 2010
Assuntos:
Tags: Adicionar Tag
Sem tags, seja o primeiro a adicionar uma tag!
Thư viện lưu trữ: Mạng thư viện Đại học Đà Nẵng
LEADER 01277cam a22003251a 4500
001 000041069
003 17365
005 20160418000000.0
008 160418s2010 000 vie
041 |a vie 
082 |a 951.05  |b NG-B  |2 phần 3 
100 |a Ngô Hiểu Ba 
245 |a 30 NĂM SÓNG GIÓ Thành tựu phi thường và số phận bi kịch của tầng lớp doanh nhân Trung Quốc trong cảo cách kinh tế 1978-2008  |c Ngô Hiểu Ba  |n phần 3 
260 |a LAO ĐỘNG  |c 2010 
300 |a 1023tr. ; 30cm 
650 |a 30 NĂM SÓNG GIÓ, Thành tựu phi thường và số phận bi kịch của tầng lớp doanh nhân Trung Quốc trong cảo cách kinh tế 1978-2008. 
852 |b Chuyên đề  |c Giáo trình 
OWN |a LNN 
AVA |a UDN50  |b LNN  |d 951.05 NG-B  |e available  |t Error 5001 Not defined in file expand_doc_bib_avail.  |f 1  |g 0  |h N  |i 0  |k 1 
999 |a From the UDN01 
AVA |a UDN50  |b LNN  |d 951.05 NG-B  |e available  |t Error 5001 Not defined in file expand_doc_bib_avail.  |f 1  |g 0  |h N  |i 0  |k 1 
TYP |a Monograph 
TYP |a Printed language 
980 |a Mạng thư viện Đại học Đà Nẵng